Statistiche per Nomi di città derivati da persone

Clicka qui per fare il quiz!

Statistiche generali

  • Questo quiz è stato fatto 54 volte
  • Il punteggio medio è 31 su 55

Statistiche sulle risposte

PersonaggioPosizioneCittà% Corretto
Adelaide di Sassonia-Meiningen (regina consorte d'Inghilterra)AustraliaAdelaide
95%
Thomas Brisbane (politico scozzese)AustraliaBrisbane
86%
George Vancouver (esploratore inglese)CanadaVancouver
86%
Charles Darwin (scienziato inglese)AustraliaDarwin
84%
Alessandro Magno (imperatore macedone)EgittoAlessandria d'Egitto
82%
Henry Hamilton (governatore inglese)BermudaHamilton
82%
Romolo (re romano)ItaliaRoma
82%
Thomas Townshend, visconte di Sydney (politico inglese)AustraliaSydney
82%
William Lamb, visconte di Melbourne (primo ministro inglese)AustraliaMelbourne
80%
George Montagu-Dunk, Earl di Halifax (politico inglese)CanadaHalifax
77%
Alessandro III (pontefice)ItaliaAlessandria
75%
George Dallas (politico americano)Stati UnitiDallas
73%
James Denver (politico americano)Stati UnitiDenver
73%
George Washington (presidente e generale americano)Stati UnitiWashington DC
73%
George Eden, conte di Auckland (politico inglese)Nuova ZelandaAuckland
70%
Stephen Austin (politico americano)Stati UnitiAustin
70%
Caecilius Calvert, barone di Baltimore (politico inglese)Stati UnitiBaltimora
70%
Pietro I (zar russo)RussiaSan Pietroburgo
70%
Marthinus Wessel Pretorius (politico boero)SudafricaPretoria
68%
Arthur Wellesey, duca di Wellington (ammiraglio inglese)Nuova ZelandaWellington
68%
Lucio Quinzio Cincinnato (console romano)Stati UnitiCincinnati
66%
Benito Juarez (presidente messicano)MessicoCiudad Juarez
66%
Ho Chi Minh (politico vietnamita)VietnamHo Chi Minh City
66%
Francisco F. de la Cueva, duca di Albuquerque (politico spagnolo)Stati UnitiAlbuquerque
64%
Ottaviano Augusto (imperatore romano)GermaniaAugusta
64%
Alexander Hamilton (politico e generale americano)Stati UnitiHamilton
64%
Probabilmente Christian Johannes Joubert (politico boero)SudafricaJohannesburg
64%
Otto von Bismarck (cancelliere tedesco)Stati UnitiBismarck
61%
Abraham Lincoln (presidente americano)Stati UnitiLincoln
61%
Palmiro Togliatti (politico italiano)RussiaToljatti
61%
Pietro Savorgnan di Brazzà (esploratore italiano)R. del CongoBrazzaville
59%
James Madison (presidente americano)Stati UnitiMadison
59%
Francis Nash (generale americano)Stati UnitiNashville
57%
Benjamin D'Urban (politico inglese)SudafricaDurban
55%
Adolf Luderitz (imprenditore ed esploratore tedesco)NamibiaLuderitz
55%
Costanzo Cloro (imperatore romano)GermaniaCostanza
52%
John Moresby (esploratore e ammiraglio inglese)Papua Nuova GuineaPort Moresby
52%
James Monroe (presidente americano)LiberiaMonrovia
50%
Carlotta di Meclemburgo-Sterlitz (regina consorte d'Inghilterra)Stati UnitiCharlotte
45%
Giacomo II (duca di York e re inglese)Stati UnitiNew York City
45%
Tiberio (imperatore romano)IsraeleTiberiade
43%
Carlo II d'Asburgo (Re di Spagna)BelgioCharleroi
39%
Kit Carson (esploratore americano)Stati UnitiCarson City
34%
Thomas Jefferson (presidente americano)Stati UnitiJefferson City
30%
Anna Stuart (regina inglese)Stati UnitiAnnapolis
27%
Renato Cartesio (filosofo francese)FranciaDescartes
27%
Manuel Luis Quezon (presidente delle Filippine)FilippineQuezon City
27%
Alice Todd (moglie del telegrafista inglese Charles Todd)AustraliaAlice Springs
25%
Ottaviano Augusto (imperatore romano)ItaliaAosta
25%
Bruno di Sassonia (duca tedesco)GermaniaBraunschweig
23%
Carlo Alberto di Savoia (Re di Sardegna)FranciaAlbertville
11%
Pio II (pontefice)ItaliaPienza
11%
Carlo III Guglielmo di Baden (margravio tedesco)GermaniaKarlsruhe
7%
Ottaviano Augusto (imperatore romano)SpagnaSaragozza
7%
Guglielmo I di Prussia (imperatore tedesco)GermaniaWilhelmshaven
5%

Distribuzione punteggi

Percentile per numero di risposta

Percentuale di utenti per punteggio

I tuoi punteggi nel tempo

Non hai fatto questo quiz